El castillo de San Felipe de Mahón (Record no. 58718)
[ view plain ]
| 000 -LEADER | |
|---|---|
| campo de control de longitud fija | 00563nam a2200157 i 4500 |
| 001 - NÚMERO DE CONTROL | |
| campo de control | 58718 |
| 003 - IDENTIFICADOR DE NÚMERO DE CONTROL | |
| campo de control | ES-MaACL |
| 007 - CAMPO FIJO DE DESCRIPCIÓN FÍSICA--INFORMACIÓN GENERAL | |
| campo de control de longitud fija | t| |
| 008 - DATOS DE LONGITUD FIJA--INFORMACIÓN GENERAL | |
| campo de control de longitud fija | 031023s1919 sp ||||1| spa d |
| 100 1# - ENTRADA PRINCIPAL--NOMBRE DE PERSONA | |
| Nombre de persona | Dusmet Arizcun, Javier. |
| 9 (RLIN) | 46340 |
| 245 13 - MENCIÓN DEL TÍTULO | |
| Título | El castillo de San Felipe de Mahón |
| Resto del título | : (monografía histórica) / |
| Mención de responsabilidad, etc. | : Javier Dusmet Arizcun ; con un prólogo de Francisco Hernández Sanz. |
| 260 ## - PUBLICACIÓN, DISTRIBUCIÓN, ETC. | |
| Lugar de publicación, distribución, etc. | Mahón : |
| Nombre del editor, distribuidor, etc. | [s.n., |
| Fecha de publicación, distribución, etc. | 1919] ( |
| Fabricante | Imp. F. Truyol) |
| 300 ## - DESCRIPCIÓN FÍSICA | |
| Extensión | 12 p., 13 lám. ; |
| Dimensiones | 19 cm. |
| 700 1# - ENTRADA AGREGADA--NOMBRE PERSONAL | |
| Nombre de persona | Hernández Sanz, Francisco. |
| 9 (RLIN) | 63055 |
| 852 ## - LOCALIZACIÓN | |
| Ubicación | ES-MaACL |
| Número de control de estantería | C-9693 |
| Sublocalización o colección | R.34737 |
| Estatus retirado | Estado de pérdida | Estado de daño | No para préstamo | Biblioteca de origen | Biblioteca actual | Ubicación en estantería | Fecha de adquisición | Fuente de adquisición | Total de préstamos | Signatura topográfica completa | Código de barras | Visto por última vez | Precio de reemplazo | Tipo de ítem Koha |
|---|---|---|---|---|---|---|---|---|---|---|---|---|---|---|
| Biblioteca del Ateneo de Madrid | Biblioteca del Ateneo de Madrid | Sala Palomar | 17/01/2008 | C-9693 | 1061601 | 23/02/2023 | 23/02/2023 | Libro impreso |
